| 000 | 00761nam a22002177a 4500 | ||
|---|---|---|---|
| 999 |
_c41810 _d41810 |
||
| 005 | 20230706164756.0 | ||
| 010 | _aENG-100328 ENG-137327 | ||
| 020 | _c650.00 | ||
| 035 | _aEN-83860 EN-120859 | ||
| 037 | _bDBAD/PUB | ||
| 082 | _a342.540853 | ||
| 245 |
_aJudgments on right to information 2006 / _cediter by Shanti Ranjan Behera |
||
| 260 |
_aBhubaneswar _bCentre for Democracy & Human Rights _c2009 |
||
| 270 |
_aMIG I, Block 4, Qr. No. $% (4#45), 2nd Floor, BDA Colony, PhaseI, Chandraskharpur, _bBhubaneswar _e751016 |
||
| 300 |
_a427p. _c24cm (Hb) |
||
| 500 | _aIncludes index | ||
| 650 | _aFreedom of information | ||
| 650 | _aGoverment information | ||
| 700 |
_913048 _aBehera, Shanti Ranjan |
||
| 942 |
_2ddc _cEN _h342.540853 _mJUD |
||